| 000 | 01156nam a22002657a 4500 | ||
|---|---|---|---|
| 005 | 20170124103158.0 | ||
| 010 | _aB-040291 | ||
| 020 |
_c350.00 _a8187614013 |
||
| 035 | _aB-040291 | ||
| 037 | _bCen Lib/Ret | ||
| 040 |
_aDPL _bHN |
||
| 082 |
_a420 _bभारती |
||
| 245 | _aभारतीय गणतंत्र में हिंदी दशा और दिशा / | ||
| 246 | _aBhartiye gantarant mein hindi dasha aur disha / | ||
| 260 |
_aनई दिल्ली _bनेहरु स्मारक संग्रहालय तथा पुस्तकालय _c2000 |
||
| 270 |
_aतीन मूर्ति भवन _bनई दिल्ली _e110001 |
||
| 300 |
_a254पृ. _c21सेमी(सजिल्द) |
||
| 490 | _aसामायिक चर्चा-2 | ||
| 500 | _aअनुक्रमणिका शामिल | ||
| 650 |
_aराजभाषा--हिंदी _990400 |
||
| 650 |
_aहिंदी साहित्य _990401 |
||
| 650 |
_aOfficial Languages--Hindi _945383 |
||
| 650 |
_aHindi literature _990402 |
||
| 942 |
_2ddc _cHN _h420 _mभारती |
||
| 999 |
_c120434 _d120434 |
||